Фильмы девяностых - Армагеддон - Statistics

General Stats
  • This quiz has been taken 64 times
  • The average score is 2 of 20
Answers on the Grid
Answers color-coded by a green-red scale on the quiz's grid according to % correct below.
Титаник
Чужие
Тёмный город
Останься со мной
Оно
Каспер
Старые клячи
Ширли-мырли
Марс атакует!
Про уродов и людей
Твин Пикс: Огонь, иди со мной
Дикая орхидея
Клерки
Люди в чёрном 2
Идиократия
Джеки Браун
Дети шпионов
Человек-паук
Бэтмен
Охотники за привидениями 2
Зловещие мертвецы 2
Фанатик
Беглец
Банды Нью-Йорка
Ведьма из Блэр
Назад в будущее 3
Ворошиловский стрелок
Небо над Берлином
Форрест Гамп
Рэмбо 3
Догма
Клуб "Завтрак"
Красотка
Парк юрского периода 3
Робокоп 2
Человек тьмы
Прямая и явная угроза
Вино из одуванчиков
Чего хотят женщины
Кто подставил кролика Роджера
 
Answer Stats
Answer % Correct
Титаник
84%
Ширли-мырли
19%
Форрест Гамп
19%
Каспер
16%
Марс атакует!
13%
Про уродов и людей
13%
Ведьма из Блэр
13%
Красотка
13%
Тёмный город
9%
Твин Пикс: Огонь, иди со мной
9%
Джеки Браун
9%
Клерки
6%
Ворошиловский стрелок
6%
Догма
6%
Робокоп 2
3%
Назад в будущее 3
3%
Беглец
0%
Человек тьмы
0%
Прямая и явная угроза
0%
Вино из одуванчиков
0%
No matching quizzes found
Score Distribution
Percent of People with Each Score
Percentile by Number Answered
Your Score History
You have not taken this quiz